Central Library OPAC University of Rajshahi

A guide to the India Office Library: (Record no. 787)

MARC details
000 -LEADER
fixed length control field 00864cam a22002651 4500
001 - CONTROL NUMBER
control field 787
003 - CONTROL NUMBER IDENTIFIER
rucl marc code BD-RjUL
005 - DATE AND TIME OF LATEST TRANSACTION
control field 20211208233230.0
008 - FIXED-LENGTH DATA ELEMENTS--GENERAL INFORMATION
fixed length control field 131123m1968 enkafh 001 0 eng d
035 ## - SYSTEM CONTROL NUMBER
System control number (BD-RjUL)807
040 ## - CATALOGING SOURCE
Original cataloging agency DLC
Transcribing agency DLC
Modifying agency DLC
Language of cataloging eng
041 ## - LANGUAGE CODE
Language code of text/sound track or separate title eng
082 00 - DEWEY DECIMAL CLASSIFICATION NUMBER
Classification number 026.954
Edition number 16
Author mark and year GUI 1968
110 2# - MAIN ENTRY--CORPORATE NAME
Corporate name or jurisdiction name as entry element India Office Library.
9 (RLIN) 4836
245 12 - TITLE STATEMENT
Title A guide to the India Office Library:
Remainder of title with a note on the India Office Records /
Statement of responsibility, etc. by S. C. Sutton, Librarian, Keeper of the Records.
260 ## - PUBLICATION, DISTRIBUTION, ETC. (IMPRINT)
Place of publication, distribution, etc. London:
Name of publisher, distributor, etc. H.M.S.O.,
Date of publication, distribution, etc. c1967[reprented 1968]
300 ## - PHYSICAL DESCRIPTION
Pagination xii, 122 p.
Illustrations 17 plates, illus. (incl. 1 col.), facsims.
Size 22 cm.
350 ## - PRICE (NR) (BK AM CF MU VM SE) [OBSOLETE]
Price 27/6
610 20 - SUBJECT ADDED ENTRY--CORPORATE NAME
Corporate name or jurisdiction name as entry element India Office Library.
650 #0 - SUBJECT ADDED ENTRY--TOPICAL TERM
Topical term or geographic name as entry element Library resources
Geographic subdivision England
-- London.
9 (RLIN) 2352
700 1# - ADDED ENTRY--PERSONAL NAME
Personal name Sutton, S. C.
942 ## - ADDED ENTRY ELEMENTS (KOHA)
Source of classification or shelving scheme Dewey Decimal Classification
Koha item type Books
Holdings
Lost status Source of classification or shelving scheme Damaged status Not for loan Collection code Permanent Location Current Location Shelving location Date acquired Source of acquisition Cost, normal purchase price Total Checkouts Full call number Date last seen Copy number Koha item type
  Dewey Decimal Classification   Not For Loan Non-fiction Central Library, University of Rajshahi Central Library, University of Rajshahi Reading Room 29/12/1970 sort zeit 27.60   026.954 GUI1968 23/11/2013 C-1 Books